Manažérske kompetencie v personálnom marketingu

Prístupy k vymedzeniu manažérskych kompetencií v personálnom marketingu. Manažérske kompetencie v oblasti personálneho marketingu a ich chápanie manažmentmi podnikov v SR (výsledky prieskumu).

Enregistré dans:
Détails bibliographiques
Auteur principal: Szarková, Miroslava, 1951-
Format: Chapitre de livre
Langue:slovaque
Sujets:
Tags: Ajouter un tag
Pas de tags, Soyez le premier à ajouter un tag!

MARC

LEADER 00000naa a2200000 4500
001 0204685
005 20240502073422.6
041 0 |a slo 
044 |a SK 
245 1 0 |a Manažérske kompetencie v personálnom marketingu  |c Miroslava Szarková 
520 |a Prístupy k vymedzeniu manažérskych kompetencií v personálnom marketingu. Manažérske kompetencie v oblasti personálneho marketingu a ich chápanie manažmentmi podnikov v SR (výsledky prieskumu). 
610 2 0 |a marketing 
610 2 0 |a kompetencie manažérske 
610 2 0 |a marketing personálny 
610 2 0 |a Slovensko 
610 2 0 |a podnik 
610 2 0 |a manažment personálny 
100 1 |a Szarková, Miroslava, 1951-